000 00747nam a2200229Ia 4500
001 14764
003 GE_BSU
008 181216s||||||||xx |||||||||||||| ||und||
040 _cGE_BSU
080 _a662.76(035.5)
100 _aНечаев,М.А. Иссерлин,А.С. Млодок,Б.И. и др.
245 _aСправочник работника газового хозяйства.
245 _cНауч. ред. М.А.Нечаев.
250 _aИзд. 2-е, перер. и допол.
260 _aМ.
260 _bНедра.
260 _c1965.
300 _a430 стр. с илл. 20 см.
300 _eТабл.
653 _aСправочник работника газового хозяйства.
942 _cBK
999 _c47887
_d47887